| 000 | 01153cam a2200229 4500 | ||
|---|---|---|---|
| 001 | ABS63023 | ||
| 008 | 000000n2000 000 0 eng u | ||
| 035 | _a(Sirsi) u108884 | ||
| 100 | _aCollett, A. | ||
| 245 | _aProspects for investment in the private rented sector | ||
| 260 | _c2000 | ||
| 490 |
_aJournal of Property Investment and Finance _v18(4) September 2000, 507-516(6) |
||
| 520 | _aConsiders the background to the current state of the residential investment market in England and Wales and looks at prospects for the future. Following a long period of steady decline, investment in the private rented sector (PRS) has increased over the last decade. Looks at reasons for this, the nature of the demand, the valuation principles involved and the types of transactions undertaken. Covers the PRS, properties leased to housing associations, but not houses in multiple occupation or student accommodation. | ||
| 590 | _aABS | ||
| 650 | _aPRIVATE RENTED SECTOR | ||
| 650 | _aRESIDENTIAL INVESTMENT MARKET | ||
| 650 | _aDEREGULATION | ||
| 650 | _aYIELD | ||
| 650 | _aVALUATION METHODS | ||
| 690 | _aHOUSING-INVESTMENT | ||
| 942 | _n0 | ||
| 999 |
_c65002 _d65002 |
||